[Event "Hoorn Romero op"]
[Site "Hoorn"]
[Date "2023.09.02"]
[Round "3"]
[White "Stoop, Coen"]
[Black "Smeets, Kobe"]
[Result "0-1"]
[WhiteElo "1948"]
[BlackElo "2247"]
[PlyCount "56"]
[EventDate "2023.09.01"]
[EventType "swiss"]
[EventRounds "6"]
[EventCountry "NED"]
[SourceTitle "EXT 2024"]
[Source "ChessBase"]
[SourceDate "2023.10.10"]
[SourceVersion "1"]
[SourceVersionDate "2023.10.10"]
[SourceQuality "1"]

1. e4 c5 2. Nc3 Nc6 3. f4 g6 4. Nf3 Bg7 5. Bc4 e6 6. f5 Nge7 7. fxe6 dxe6 8. d3 0-0 9. 0-0 Nd4 10. Bg5 h6 11. Bh4 Bd7 12. Ne2 Nxf3+ 13. gxf3 b5 14. Bb3 Bxb2 15. Qd2 Bxa1 16. Rxa1 g5 17. Kh1 gxh4 18. Qxh6 Ng6 19. e5 Qc7 20. d4 cxd4 21. Nf4 Qxe5 22. Rg1 Qg7 23. Qh5 Qh7 24. Qg4 Kh8 25. Nh5 Bc6 26. Nf6 Qh6 27. Qxd4 Bxf3+ 28. Rg2 Qc1+ 0-1